000 00550nam a22001457a 4500
003 0
005 20230624110415.0
008 230624b xxu||||| |||| 00| 0 eng d
050 _aQA 76.73
_b.Sa23 2022
245 _aAutomated package receiver: simplifyingng the process of receiving online shopping parcels with utilization of IoT technology
_cSaberon, Ivana Marriam B.
260 _aLas PiƱas City
_bSouthville International School and Colleges
_cc2022
300 _axi, 127pp.
_c28cm.
500 _aAutomated package receiver.
942 _2lcc
_cTH
999 _c365090
_d365090